The Ancient Mesopotamian City (Record no. 575758)

MARC details
000 -LEADER
fixed length control field 01140nam a2200169Ia 4500
008 - FIXED-LENGTH DATA ELEMENTS--GENERAL INFORMATION
fixed length control field 250714s9999 xx 000 0 und d
020 ## - INTERNATIONAL STANDARD BOOK NUMBER
ISBN 9780198152866
082 ## - DEWEY DECIMAL CLASSIFICATION NUMBER
Classification number 935
Item number VAN
100 ## - MAIN ENTRY--AUTHOR NAME
Personal name Van de Mieroop, Marc
245 #4 - TITLE STATEMENT
Title The Ancient Mesopotamian City
260 ## - PUBLICATION, DISTRIBUTION, ETC. (IMPRINT)
Name of publisher Oxford University Press on Demand
Year of publication 1999
300 ## - PHYSICAL DESCRIPTION
Number of Pages 269 pages
500 ## - GENERAL NOTE
General note Urban history starts in Mesopotamia: the earliest known cities developed there as a result of long indigenous processes and, for millennia, the city determined every aspect of Mesopotamian civilization. Marc Van De Mieroop examines urban life in the historical period, investigating urban topography, the role of cities as centres of culture, their political and social structures, economy, literature, and the arts. He draws on material from the entirety of Mesopotamian history, from c. 3000to 300 BC, and from both Babylonia and Assyria, arguing that the Mesopotamian city can be regarded as a prototype that inspired the rest of the ancient world and shared characteristics with the European cities of antiquity.
650 ## - SUBJECT ADDED ENTRY--TOPICAL TERM
Topical Term History
942 ## - ADDED ENTRY ELEMENTS (KOHA)
Koha item type English Books
Holdings
Withdrawn status Lost status Damaged status Not for loan Home library Current library Shelving location Date acquired Full call number Accession Number Price effective from Koha item type
        Anna Centenary Library Anna Centenary Library 7TH FLOOR, B WING 14.07.2025 935 VAN 268092 14.07.2025 English Books

Find us on the map